000 01671cam a22004814i 4500
003 PE-LiUPU
005 20250731165525.0
008 150623s r 000 0 d
035 _a(Sirsi) a28568
035 _a(Sirsi) a28568
040 _aPE-LiUPU
_bspa
_cPE-LiUPU
_erda
082 0 4 _a220.3
_bM58
_221
100 1 _aMiller, Madeleine S.,
_eed.,
_eautor.
245 1 0 _aHarper's Bible dictionary /
_cMadeleine S. Miller and J. Lane Miller.
264 1 _aNew York :
_bHarper y Brothers, Publishers,
_c1955.
300 _apáginas :
_bilustraciones, gráficos Fotos, mapas ;
_c24 cm.
336 _atext
_2rdacontent
337 _aunmediated
_2rdamedia
338 _avolume
_2rdacarrier
505 0 _aA. -Zur.
526 _aSEG44
526 _aSEG26
526 _aP151
526 _aP150
526 _aP149
526 _aP146
526 _aP145
526 _aP126
526 _aP125
526 _aP92
526 _aP75
526 _aP74
526 _aP27
526 _aP15
630 _aBiblia
_vDiccionarios.
_95969
700 1 _aMiller, J. Lane,
_eed.
942 _2ddc
_cBOOK
949 _aRC 220.3 M58
_wDEWEY
_c1
_i11100
_d2015-7-30
_e2015-7-30
_lRC
_mBUL
_n1
_r0
_sY
_tBOOK
_u2015-6-24
_xBIBLIOTECA
_zUNKNOWN
_0COMPRA
_o.CIRCNOTE. No olvidar cambiar la fecha de devolución!!!!!!!
_o.STAFF. Colección General
994 _aC0
_bPEPRU
596 _a1
999 _aRC 220.3 M58
_wDEWEY
_c35830
_i11100
_d35830
_e2016-3-28
_f2021-11-8
_g6
_lCCODEBUL1
_mBUL
_n2
_r1
_sY
_tBOOK
_u2015-6-24
_xTEOLOGIA
_zUNKNOWN
_0COMPRA
_o.CIRCNOTE. No olvidar cambiar la fecha de devolución!!!!!!!
_o.STAFF. Colección General
980 _81
_gALBERTO SANCHEZ Responsable de Automatización